000 00566nam a2200229Ia 4500
003 0100
008 130303s9999 xx 000 0 und d
040 _cARRUPELIB
050 _aHQ1121.F431996
245 _aFeminism and history
260 _aOxford
260 _bOxford University Press
260 _C1996
300 _aix
300 _b 611 p.22 cm
440 _aOxford readings in feminism
650 _bGod
650 _cOntology
650 _dPhilosophical theology
700 _aedited by Joan Wallach Scott , Scott, Joan Wallach
942 0 0 _01
999 _c15444
_d15444